000 01061nam a22003017a 4500
001 BR2010001249
003 BR-BrBNA
005 20230928103217.0
007 ta
008 230509b bl.||||| |||| 00| 0 por d
040 _aBR-BrBNA
_bpor
_cBiblioteca Nacional de Agricultura
041 _a(Por)
072 _aL53
_b5214
090 _ 5214 BR2010001249
100 1 _aLeite, T.G.
110 1 _aUniversidade Federal de Minas Gerais, Belo Horizonte (Brasil). Escola de Veterinária
_0Tese (Mestre em Ciência Animal)
245 1 _aTempo de equilíbrio na criopreservação do sêmen: efeitos sobre características de motilidade e de integridade das membranas espermáticas de touros Gir leiteiro
260 3 _aBelo Horizonte, MG (Brasil):
_c2008.
300 _a121 p.
500 _aSummaries (Eng, Por); Bibliography p. 96-110; 20 tables; 20 illus.
650 _aGADO LEITEIRO
650 _aGADO GIR
650 _aREPRODUÇÃO ANIMAL
650 _aESPERMA
650 _aCRIOPRESERVAÇÃO
909 _a202309
_bLucia
_c55
_dLucia Elande
942 _cBK
999 _c74152
_d74152